Statistics for Largest Islands by Letter - B

Click here to take the quiz!

General Stats

  • This quiz has been taken 59 times
    (37 since last reset)
  • The average score is 8 of 34

Answer Stats

Area (square km)CountryAnswer% Correct
748,168Brunei/Indonesia/MalaysiaBorneo
96%
507,451CanadaBaffin Island
93%
5,416IndonesiaBali
79%
70,028CanadaBanks Island
57%
9,318Papua New GuineaBougainville Island
46%
3,500None (Antarctica)Bear Island
43%
1,935Equatorial GuineaBioko
39%
20,000BrazilBananal
29%
11,413IndonesiaBangka
25%
1,288NorwayBarentsøya
25%
16,042CanadaBathurst Island
21%
1,692AustraliaBathurst Island
21%
43,873None (Antarctica)Berkner Island
21%
4,478IndonesiaBelitung
18%
3,821PhilippinesBohol
18%
11,206RussiaBolshevik Island
18%
8,473IndonesiaBuru
18%
11,067CanadaBylot Island
14%
4,065United StatesBaranof Island
11%
1,441BangladeshBhola Island
11%
4,408IndonesiaButon
11%
7,929South SudanBahr al Jabal Island
7%
1,660RussiaBering Island
7%
1,173IndonesiaBintan Island
7%
1,764RussiaBolshoy Begichev Island
7%
5,157RussiaBolshoy Lyakhovsky Island
7%
1,766RussiaBolshoy Shantar Island
7%
2,794CanadaBorden Island
7%
1,900IndonesiaBacan
4%
1,266PhilippinesBasilan
4%
1,810RussiaBely Island
4%
1,904IndonesiaBiak
4%
2,171IndonesiaBoven Digul
4%
1,150CanadaByam Martin Island
4%

Score Distribution

Percentile by Number Answered

Percent of People with Each Score

Your Score History

You have not taken this quiz since the last reset